[Event "World Team-ch Women 2019"]
[Site "Astana"]
[Date "2019.03.05"]
[Round "1.2"]
[White "Wafa, Shrook"]
[Black "Sargsyan, Anna M."]
[Result "0-1"]
[WhiteElo "2166"]
[BlackElo "2340"]
[Annotator "NA"]
[PlyCount "128"]
[EventDate "2019.02.05"]
[EventType "team-tourn"]
[EventCountry "KAZ"]
[SourceTitle "playchess.com"]
[Source "ChessBase"]
[SourceQuality "1"]
[WhiteTeam "Egypt"]
[BlackTeam "Armenia"]
[WhiteTeamCountry "EGY"]
[BlackTeamCountry "ARM"]
[TimeControl "40/5400+30:1800+30"]

1. e4 {[%emt 0:00:00]} c6 {[%emt 0:00:00]} 2. d4 {[%emt 0:00:00]} d5 {[%emt 0:00:00]} 3. Nc3 {[%emt 0:00:00]} dxe4 {[%emt 0:00:00]} 4. Nxe4 {[%emt 0:00:05]} Bf5 {[%emt 0:00:04]} 5. Ng3 {[%emt 0:00:13]} Bg6 {[%emt 0:00:06]} 6. Nf3 {[%emt 0:00:16]} e6 {[%emt 0:00:10]} 7. Bd3 {[%emt 0:01:04]} Nf6 {[%emt 0:00:43]} 8. h4 {[%emt 0:02:06] B18: Classical Caro-Kann: 4...Bf5 sidelines} (8. O-O Be7 9. Re1 O-O 10. Bxg6 hxg6 11. Qe2 c5 12. dxc5 Bxc5 13. Ne4 Be7 14. Nxf6+ Bxf6 15. c3 Nc6 {0-1 (41) Demchenko,A (2679)-Tari,A (2620) St Petersburg 2018}) 8... Bd6 {[%emt 0:02:47]} 9. h5 {[%emt 0:01:59]} Bxd3 {[%emt 0:00:24]} 10. Qxd3 {[%emt 0:00:07]} h6 $146 {[%emt 0:01:50]} ({Predecessor:} 10... Bxg3 11. fxg3 h6 12. Bd2 Qd5 13. Rh4 Nbd7 14. c4 Qd6 15. O-O-O b5 {0-1 (43) Passoni,C (2200)-Khenkin,I (2550) Porto San Giorgio 1997}) 11. Ne4 {[%emt 0:02:34]} Nxe4 {[%emt 0:00:20]} 12. Qxe4 {[%emt 0:00:08]} Nd7 {[%emt 0:00:05]} 13. Bd2 {[%emt 0:02:54]} Qb6 {[%emt 0:04:00]} 14. O-O-O {[%emt 0:13:09]} O-O-O {[%emt 0:01:50]} 15. Kb1 {[%emt 0:05:48]} Qb5 {[%emt 0:12:55]} 16. Qe3 {[%emt 0:14:27]} Nf6 {[%emt 0:04:19]} 17. Ne5 {[%emt 0:02:02]} Nd5 {[%emt 0:25:52]} 18. Qf3 {[%emt 0:08:24]} Bxe5 {[%emt 0:00:40]} 19. dxe5 {[%emt 0:00:22]} Rd7 {[%emt 0:01:44]} 20. Qg4 {[%emt 0:16:54]} Nb6 {[%emt 0:01:45]} 21. Bc3 {[%emt 0:10:51]} Na4 {[%emt 0:10:56]} 22. Rxd7 {[%emt 0:05:03]} Nxc3+ {[%emt 0:03:25]} 23. Ka1 {[%emt 0:00:39]} Kxd7 {[%emt 0:03:51]} 24. Qxg7 {[%emt 0:01:01]} Na4 {[%emt 0:02:02]} 25. b3 {[%emt 0:02:59]} Qd5 {[%emt 0:05:55]} 26. bxa4 {[%emt 0:02:05]} Rd8 {[%emt 0:01:42]} 27. Qxf7+ {[%emt 0:01:31]} Kc8 {[%emt 0:00:07]} 28. Qf4 {[%emt 0:01:24]} Qc5 {[%emt 0:00:15]} 29. Kb1 {[%emt 0:01:42]} Rd4 {[%emt 0:02:23]} 30. Qe3 {[%emt 0:00:40]} Qd5 {[%emt 0:02:16]} 31. Re1 {[%emt 0:01:58]} Rb4+ {[%emt 0:02:07]} 32. Ka1 {[%emt 0:00:38]} Rxa4 {[%emt 0:00:08]} 33. Qb3 {[%emt 0:00:21]} Rc4 {[%emt 0:00:10]} 34. Qd3 {[%emt 0:00:50]} Qc5 {[%emt 0:02:20]} 35. Qd6 {[%emt 0:00:59]} Qxd6 {[%emt 0:01:36]} 36. exd6 {[%emt 0:00:04]} Kd7 {[%emt 0:00:04]} 37. Kb2 {[%emt 0:00:34]} Rb4+ {[%emt 0:03:41]} 38. Kc3 {[%emt 0:00:35]} Rh4 {[%emt 0:00:05]} 39. f3 {[%emt 0:01:06]} Rxh5 {[%emt 0:00:08]} 40. g4 {[%emt 0:00:00]} Rh3 {[%emt 0:00:00]} 41. Re3 {[%emt 0:00:41]} Kxd6 {[%emt 0:01:09]} 42. Kd4 {[%emt 0:00:38]} Rh2 {[%emt 0:00:41]} 43. Rc3 {[%emt 0:00:22]} b5 {[%emt 0:03:12]} 44. Ke4 {[%emt 0:00:56]} b4 {[%emt 0:00:58]} 45. Rd3+ {[%emt 0:03:16]} Kc5 {[%emt 0:01:58]} 46. Rd7 {[%emt 0:01:07]} a5 {[%emt 0:00:09]} 47. Kd3 {[%emt 0:00:15]} Rf2 {[%emt 0:01:55]} 48. Rf7 {[%emt 0:01:31]} Kd6 {[%emt 0:00:06]} 49. Rf6 {[%emt 0:01:56]} c5 {[%emt 0:00:43]} 50. f4 {[%emt 0:02:35]} Ke7 {[%emt 0:04:06]} 51. Rxh6 {[%emt 0:00:37]} Rxf4 {[%emt 0:00:07]} 52. Rh7+ {[%emt 0:00:38]} Kd6 {[%emt 0:00:06]} 53. Ra7 {[%emt 0:01:02]} Rxg4 {[%emt 0:00:49]} 54. Rxa5 {[%emt 0:00:41]} Kd5 {[%emt 0:01:21]} 55. Ra8 {[%emt 0:01:00]} Rg3+ {[%emt 0:00:19]} 56. Kd2 {[%emt 0:00:22]} Ra3 {[%emt 0:01:45]} 57. Rd8+ {[%emt 0:00:29]} Kc4 {[%emt 0:00:56]} 58. Re8 {[%emt 0:00:49]} Rxa2 $19 {[%emt 0:00:15]} 59. Rxe6 {[%emt 0:00:20]} b3 {[%emt 0:00:15]} 60. Kc1 {[%emt 0:01:53]} Rxc2+ {[%emt 0:00:27]} 61. Kb1 {[%emt 0:00:18]} Rh2 {[%emt 0:00:28]} 62. Re8 {[%emt 0:01:17]} Kb4 {[%emt 0:00:15]} 63. Rg8 {[%emt 0:00:42]} c4 {[%emt 0:00:08]} 64. Rf8 {[%emt 0:00:49]} Rh1+ {[%emt 0:01:39]} 0-1

[Event "World Team-ch Women 2019"]
[Site "Astana"]
[Date "2019.03.05"]
[Round "1.3"]
[White "Gevorgyan, Maria"]
[Black "Moaataz, Ayah"]
[Result "1-0"]
[WhiteElo "2264"]
[BlackElo "2036"]
[Annotator "NA"]
[PlyCount "106"]
[EventDate "2019.02.05"]
[EventType "team-tourn"]
[EventCountry "KAZ"]
[SourceTitle "playchess.com"]
[Source "ChessBase"]
[SourceQuality "1"]
[WhiteTeam "Armenia"]
[BlackTeam "Egypt"]
[WhiteTeamCountry "ARM"]
[BlackTeamCountry "EGY"]
[TimeControl "40/5400+30:1800+30"]

1. e4 {[%emt 0:00:00]} c6 {[%emt 0:00:00]} 2. d4 {[%emt 0:00:00]} d5 {[%emt 0:00:00]} 3. exd5 {[%emt 0:00:00]} cxd5 {[%emt 0:00:00]} 4. Bd3 {[%emt 0:00:00]} Nc6 {[%emt 0:00:00]} 5. c3 {[%emt 0:00:00]} Qc7 {[%emt 0:00:06]} 6. Qb3 {[%emt 0:10:31]} Nf6 {[%emt 0:00:37] B13: Caro-Kann: Exchange Variation and Panov-Botvinnik Attack} 7. Bg5 {[%emt 0:02:14]} e6 {[%emt 0:02:09]} 8. Nd2 {[%emt 0:02:38]} Bd6 {[%emt 0:00:31]} 9. Ngf3 {[%emt 0:03:06]} a6 $146 {[%emt 0:03:13]} ({Predecessor:} 9... Nh5 10. O-O-O Nf4 11. Bxf4 Bxf4 12. g3 Bd6 {½-½ (12) Cerveny,P (2403)-Hermansson,E (2472) Marianske Lazne 2008}) 10. O-O {[%emt 0:03:27]} h6 {[%emt 0:07:33]} 11. Bh4 {[%emt 0:01:27]} Nh5 {[%emt 0:02:18]} 12. Bg3 {[%emt 0:08:35]} Nf4 {[%emt 0:08:50]} 13. Bxf4 {[%emt 0:01:23]} Bxf4 {[%emt 0:00:10]} 14. Rfe1 {[%emt 0:00:56]} O-O {[%emt 0:00:53]} 15. Qd1 {[%emt 0:03:12]} e5 {[%emt 0:11:48]} 16. Nxe5 {[%emt 0:05:19]} Nxe5 {[%emt 0:00:20]} 17. dxe5 {[%emt 0:00:06]} Bxe5 {[%emt 0:00:15]} 18. Qh5 {[%emt 0:04:21]} Bf4 {[%emt 0:22:25]} 19. Nf3 {[%emt 0:01:47]} Qd8 {[%emt 0:05:20]} 20. Nd4 {[%emt 0:04:31]} Qg5 {[%emt 0:04:57]} 21. Qxg5 {[%emt 0:01:14]} Bxg5 {[%emt 0:00:05]} 22. Re5 {[%emt 0:01:23]} Rd8 {[%emt 0:00:13]} 23. Rae1 {[%emt 0:00:11]} Kf8 {[%emt 0:00:13]} 24. Nb3 {[%emt 0:06:25]} Bf6 {[%emt 0:01:10]} 25. R5e3 {[%emt 0:01:48]} b6 {[%emt 0:01:23]} 26. Be2 {[%emt 0:00:17]} Bg5 {[%emt 0:05:42]} 27. Rd3 {[%emt 0:00:58]} Bf5 {[%emt 0:00:56]} 28. Rd4 {[%emt 0:00:06]} Be4 {[%emt 0:07:36]} 29. g3 {[%emt 0:01:47]} Bf6 {[%emt 0:01:33]} 30. Rd2 {[%emt 0:00:09]} Bg5 {[%emt 0:01:16]} 31. f4 {[%emt 0:01:19]} Be7 {[%emt 0:00:50]} 32. Red1 {[%emt 0:03:54]} Ke8 {[%emt 0:02:08]} 33. Nd4 {[%emt 0:07:03]} Bc5 {[%emt 0:02:18]} 34. Kf1 {[%emt 0:00:06]} b5 {[%emt 0:06:47]} 35. a3 {[%emt 0:04:38]} Bxd4 {[%emt 0:01:19]} 36. Rxd4 {[%emt 0:00:07]} f5 {[%emt 0:00:15]} 37. R1d2 {[%emt 0:01:45]} Rab8 {[%emt 0:01:14]} 38. h4 {[%emt 0:03:38]} Ke7 {[%emt 0:00:24]} 39. Kf2 {[%emt 0:01:20]} g5 {[%emt 0:00:53]} 40. fxg5 {[%emt 0:00:00]} hxg5 {[%emt 0:00:00]} 41. hxg5 {[%emt 0:07:52]} Rh8 {[%emt 0:05:35]} 42. Bf3 {[%emt 0:02:26]} Rh2+ {[%emt 0:08:42]} 43. Ke3 {[%emt 0:00:13]} Rbh8 {[%emt 0:07:14]} 44. Bxe4 {[%emt 0:00:27]} Rxd2 {[%emt 0:00:08]} 45. Rxd2 {[%emt 0:00:06]} dxe4 {[%emt 0:00:09]} 46. Kf4 {[%emt 0:09:23]} Ke6 {[%emt 0:01:35]} 47. g6 {[%emt 0:06:57]} Rg8 {[%emt 0:02:36]} 48. Kg5 {[%emt 0:00:08]} Ke5 {[%emt 0:00:55]} 49. Rf2 {[%emt 0:06:02]} e3 $11 {[%emt 0:02:59]} 50. Rxf5+ {[%emt 0:00:05]} Kd6 {[%emt 0:02:31]} 51. Rf1 {[%emt 0:00:35]} Ke5 {[%emt 0:02:14]} 52. Rf7 {[%emt 0:08:37]} Ke6 {[%emt 0:00:25]} 53. Rf3 {[%emt 0:00:05]} Kd5 1-0

[Event "World Team-ch Women 2019"]
[Site "Astana"]
[Date "2019.03.05"]
[Round "1.5"]
[White "Lagno, Kateryna"]
[Black "Abdumalik, Zhansaya"]
[Result "1-0"]
[WhiteElo "2559"]
[BlackElo "2469"]
[Annotator "TA"]
[PlyCount "137"]
[EventDate "2019.02.05"]
[EventType "team-tourn"]
[EventCountry "KAZ"]
[SourceTitle "playchess.com"]
[Source "ChessBase"]
[SourceQuality "1"]
[WhiteTeam "Russia"]
[BlackTeam "Kazakhstan"]
[WhiteTeamCountry "RUS"]
[BlackTeamCountry "KAZ"]

{[%evp 28,137,43,8,11,10,15,3,21,19,21,-56,-52,-61,-55,-60,-54,-51,-71,-59,-62,-72,-44,-203,-107,-99,-104,-35,33,0,108,100,99,93,222,174,193,0,0,0,381,394,388,394,394,388,385,382,383,369,376,369,402,337,554,526,833,816,779,464,1053,747,616,0,1288,1281,1175,771,735,696,653,0,645,625,894,857,680,604,887,859,3674,3145,29946,12825,29965,2058,2140,1830,882,848,29971,29972,29974,29975,29974,29975,29974,29975,29975,29978,29978,29978,29976,29980,29979,29981,29981,29982,29982,29983,29983,29984]} 1. e4 e5 2. Nf3 Nc6 3. Bb5 {[%cal Bf1b5,Bb5a4,Ba4b3,Bb3a2][%mdl 32]} a6 4. Ba4 Nf6 5. O-O Be7 6. d3 b5 7. Bb3 O-O 8. a4 Bb7 9. Re1 d6 10. Nbd2 Na5 11. Ba2 c5 12. Nf1 b4 {C88: Closed Ruy Lopez: Anti-Marshall Systems} 13. Ne3 (13. Bd2 Bc8 14. Ne3 Be6 15. Bxe6 fxe6 16. c3 bxc3 17. bxc3 Rb8 18. Qc2 Qd7 19. Rab1 h6 20. Qa2 {1-0 (64) Anand,V (2773)-Praggnanandhaa,R (2530) Kolkata 2018}) 13... Bc8 14. c3 Rb8 15. Bd2 {LiveBook: 4 Games} bxc3 16. bxc3 Be6 17. Qc2 $146 ({Predecessor:} 17. Bxe6 fxe6 18. Rb1 Qd7 19. Qc2 {1-0 (68) Zherebukh,Y (2321)-Kravtsiv,M (2446) Lvov 2006}) 17... Qd7 18. Rab1 Rfc8 19. Ng5 (19. Bxe6 $11 fxe6 20. Rxb8 Rxb8 21. Rb1) 19... Rxb1 $15 20. Rxb1 Bxa2 $1 21. Qxa2 c4 $1 22. Qc2 h6 23. Nf3 Qc6 24. Rb4 d5 25. Nf5 $2 {[#]} (25. exd5 $15 Qc7 26. Nf5) 25... Bxb4 (25... Bf8 $1 $19 26. exd5 Qxd5 27. dxc4 Nxc4) 26. cxb4 $17 Qe6 {Threatens to win with ...Nb7.} ({Don't play} 26... cxd3 27. Ne7+ Kf8 28. Qxc6 $15) 27. bxa5 c3 (27... Kh8 $15 28. d4 Nxe4) 28. Bxc3 g6 (28... Kh8 $11 {keeps the balance.}) 29. Nxh6+ $16 Kg7 {[#] And now ...Qc6 would win.} 30. Qd2 $1 Qc6 (30... dxe4 $16 31. Nxe5 e3 32. fxe3 (32. Qxe3 Nd5 $14) 32... Kxh6) 31. Nxf7 ({Much less strong is} 31. Bxe5 $6 Qc1+ 32. Qe1 Qxh6 $16) 31... Ng4 32. N7xe5 $2 (32. Bxe5+ $18 Kxf7 33. Qf4+ Kg8 34. g3 Qc1+ 35. Kg2 Qxf4 36. Bxf4) 32... Qxc3 $11 33. Nxg4 {Strongly threatening Qh6+.} Qxd2 $4 {[%mdl 8192]} (33... Qc1+ $1 $11 {and Black has nothing to worry.} 34. Qe1 dxe4 35. dxe4 Qa3) 34. Nxd2 $18 Rc1+ 35. Nf1 dxe4 36. dxe4 Rc4 37. f3 Rxa4 38. Nd2 Rxa5 39. Kf2 Ra3 40. Ne3 Kf7 $2 (40... a5 41. Ke2 a4) 41. Ke2 g5 42. Ndc4 Ra1 43. Kd3 Rb1 (43... a5 $142 44. Kc3 Ke7) 44. Kc2 Re1 45. Kd3 Rb1 $1 46. g3 Rh1 47. Ng4 Rd1+ 48. Ke2 Ra1 49. Kd3 $2 (49. f4 $18) 49... a5 $2 {[%mdl 8192]} (49... Rd1+ $11 50. Kc3 Rf1) 50. Kc3 Ke7 51. Nge3 Rc1+ 52. Kd2 Rh1 53. Nxa5 Rxh2+ 54. Kd3 Kf7 55. Nc6 Rh3 56. Nf5 (56. g4 $142 Rh1 57. e5 Ke6 58. Ke4 Kd7 59. Nd4 Re1 60. Ndc2 Re2 61. Kf5) 56... Kf6 57. Ncd4 Ke5 58. Ke3 Kf6 59. g4 {White mates.} Ke5 60. Nc6+ Ke6 61. Nfd4+ Kd6 62. e5+ Kd5 63. e6 Rh8 64. e7 Kd6 65. Nf5+ Kxc6 66. Ng7 Kd7 67. e8=Q+ Rxe8+ 68. Nxe8 Kxe8 69. Ke4 {Precision: White = 62%, Black = 30%.} 1-0

[Event "World Team-ch Women 2019"]
[Site "Astana"]
[Date "2019.03.05"]
[Round "1.10"]
[White "Arabdize, Meri"]
[Black "Soumya, Swaminathan"]
[Result "0-1"]
[WhiteElo "2392"]
[BlackElo "2401"]
[Annotator "NA"]
[PlyCount "112"]
[EventDate "2019.02.05"]
[EventType "team-tourn"]
[EventCountry "KAZ"]
[SourceTitle "playchess.com"]
[Source "ChessBase"]
[SourceQuality "1"]
[WhiteTeam "Georgia"]
[BlackTeam "India"]
[WhiteTeamCountry "GEO"]
[BlackTeamCountry "IND"]
[TimeControl "40/5400+30:1800+30"]

1. Nf3 {[%emt 0:00:00]} Nf6 {[%emt 0:00:48]} 2. c4 {[%emt 0:00:00]} g6 {[%emt 0:00:28]} 3. Nc3 {[%emt 0:00:04]} d5 {[%emt 0:00:37]} 4. cxd5 {[%emt 0:00:19]} Nxd5 {[%emt 0:00:02]} 5. Qb3 {[%emt 0:00:13]} Nb6 {[%emt 0:00:11]} 6. d4 {[%emt 0:00:08]} Be6 {[%emt 0:02:44] D85: Exchange Grünfeld: Unusual White 7th moves and lines with 7 Nf3} (6... Bg7 7. Bf4 Be6 8. Qa3 O-O 9. e3 N8d7 10. Rd1 c6 11. Ng5 Bf5 12. e4 Bg4 13. Be2 Bxe2 14. Nxe2 Qe8 {1-0 (32) Duda,J (2739)-Ivanchuk,V (2710) Batumi 2018}) 7. Qa3 {[%emt 0:06:43]} Bg4 {[%emt 0:12:42]} 8. e3 $146 {[%emt 0:31:07]} ({Predecessor:} 8. Bg5 Nc6 9. e3 Bxf3 10. gxf3 e5 11. Bxd8 Bxa3 12. Bf6 Bxb2 13. Nb5 Bxa1 14. Bxh8 {0-1 (50) Zygouris,H (2220)-Anagnostopoulos,K (2097) Vrachati 2013}) 8... Bxf3 {[%emt 0:11:25]} 9. gxf3 {[%emt 0:00:09]} e5 {[%emt 0:02:09]} 10. Qa5 $1 {[%emt 0:01:08]} Bg7 {[%emt 0:15:52]} 11. dxe5 {[%emt 0:02:34]} Nc6 {[%emt 0:00:25]} 12. Bb5 {[%emt 0:01:31]} Qd7 {[%emt 0:00:39]} 13. Bxc6 {[%emt 0:04:18]} bxc6 {[%emt 0:03:39]} 14. Qc5 {[%emt 0:20:04]} O-O-O {[%emt 0:02:06]} 15. O-O {[%emt 0:02:08]} Rhe8 {[%emt 0:04:27]} 16. Ne4 {[%emt 0:02:26]} Rxe5 {[%emt 0:02:58]} 17. Qc2 {[%emt 0:00:59]} g5 {[%emt 0:21:29]} 18. a4 {[%emt 0:05:03]} a5 {[%emt 0:04:55]} 19. Rb1 {[%emt 0:03:11]} Qh3 {[%emt 0:00:46]} 20. Ng3 {[%emt 0:04:06]} Rd6 {[%emt 0:04:53]} 21. b4 {[%emt 0:06:38]} Rh6 {[%emt 0:00:20]} 22. Rd1 {[%emt 0:00:20]} Bf8 {[%emt 0:03:20]} 23. bxa5 {[%emt 0:01:39]} Rxa5 {[%emt 0:01:00]} 24. Bd2 {[%emt 0:01:32]} Rc5 {[%emt 0:00:46]} 25. Qe4 {[%emt 0:04:21]} Qxh2+ {[%emt 0:00:05]} 26. Kf1 {[%emt 0:00:03]} Re6 {[%emt 0:00:52]} 27. Qg4 {[%emt 0:01:24]} Be7 {[%emt 0:02:59]} 28. a5 {[%emt 0:01:15]} Nc4 {[%emt 0:00:44]} 29. a6 {[%emt 0:00:22]} Nxd2+ {[%emt 0:00:09]} 30. Rxd2 {[%emt 0:00:02]} Ra5 {[%emt 0:00:09]} 31. Qd4 {[%emt 0:01:09]} Qh3+ {[%emt 0:00:39]} 32. Ke2 {[%emt 0:00:12]} Rd6 {[%emt 0:00:21]} 33. Qh8+ {[%emt 0:00:42]} Kd7 {[%emt 0:00:31]} 34. Rbd1 {[%emt 0:00:36]} Qe6 {[%emt 0:00:49]} 35. Qc3 {[%emt 0:00:32]} Ra2 {[%emt 0:00:52]} 36. Ne4 {[%emt 0:00:15]} Rdxd2+ {[%emt 0:00:15]} 37. Rxd2+ {[%emt 0:00:02]} Rxd2+ {[%emt 0:00:15]} 38. Qxd2+ {[%emt 0:00:03]} Kc8 {[%emt 0:00:17]} 39. Qc2 {[%emt 0:01:33]} Qd5 {[%emt 0:00:46]} 40. Ng3 {[%emt 0:00:00]} Qb5+ {[%emt 0:00:00]} 41. Kd1 {[%emt 0:06:28]} h6 {[%emt 0:18:27]} 42. Qe4 {[%emt 0:13:39]} Qd5+ {[%emt 0:00:09]} 43. Ke2 {[%emt 0:00:51] [#]} Qxe4 $19 {[%emt 0:06:56]} 44. fxe4 {[%emt 0:00:02]} c5 {[%emt 0:00:53]} 45. Kd3 {[%emt 0:11:01]} Kb8 {[%emt 0:00:59]} 46. Kc4 {[%emt 0:00:24]} c6 {[%emt 0:01:46]} 47. Nf5 {[%emt 0:01:12]} Bf8 {[%emt 0:00:06]} 48. e5 {[%emt 0:00:13]} h5 {[%emt 0:00:56]} 49. Nd6 {[%emt 0:01:06]} h4 {[%emt 0:03:06]} 50. Kxc5 {[%emt 0:00:41]} h3 {[%emt 0:01:23]} 51. Kb6 {[%emt 0:00:20]} h2 {[%emt 0:00:19]} 52. Ne8 {[%emt 0:00:40]} Bc5+ {[%emt 0:00:08]} 53. Kxc5 {[%emt 0:00:27]} h1=Q {[%emt 0:00:06]} 54. Kb6 {[%emt 0:00:14]} Qb1+ {[%emt 0:00:06]} 55. Kxc6 {[%emt 0:00:25]} Qc2+ {[%emt 0:00:30]} 56. Kb6 {[%emt 0:00:20]} Qb3+ {[%emt 0:00:09]} 0-1

[Event "World Team-ch Women 2019"]
[Site "Astana"]
[Date "2019.03.05"]
[Round "1.17"]
[White "Abrahamyan, Tatev"]
[Black "Muzychuk, Mariya"]
[Result "0-1"]
[WhiteElo "2377"]
[BlackElo "2560"]
[Annotator "TA"]
[PlyCount "68"]
[EventDate "2019.02.05"]
[EventType "team-tourn"]
[EventCountry "KAZ"]
[SourceTitle "playchess.com"]
[Source "ChessBase"]
[SourceQuality "1"]
[WhiteTeam "United States"]
[BlackTeam "Ukraine"]
[WhiteTeamCountry "USA"]
[BlackTeamCountry "UKR"]

{[%evp 24,68,8,0,-7,-15,-9,-28,-19,-27,-31,-71,-59,-96,-93,-85,-108,-78,-46,-111,-110,-103,-70,-176,-183,-175,-184,-194,-180,-194,-187,-189,-185,-189,-187,-196,-197,-255,-252,-254,-222,-273,-265,-372,-347,-423,-412]} 1. e4 c6 2. d4 d5 3. Nc3 dxe4 4. Nxe4 Bf5 5. Ng3 Bg6 6. h4 h6 7. Nf3 Nd7 8. h5 Bh7 9. Bd3 Bxd3 10. Qxd3 e6 11. Bd2 Ngf6 12. O-O-O Be7 13. Kb1 Qb6 {B19: Classical Caro-Kann: 4...Bf5 main line} (13... O-O 14. Ne4 c5 15. g4 Nxg4 16. Qe2 Qb6 17. Ne5 Ndxe5 18. dxe5 f5 19. exf6 Nxf6 20. Nc3 Rad8 21. Rhg1 Kh8 22. Rg6 {½-½ (38) Saric,I (2662)-Nisipeanu,L (2672) Heraklio 2017}) 14. c4 O-O 15. Ne4 c5 {Black has an edge.} 16. Bc3 Rfd8 17. Nxf6+ Bxf6 18. g4 $146 {[#]} ({Predecessor:} 18. Qe2 cxd4 19. Bxd4 Bxd4 20. Nxd4 Nf6 21. Nc2 {0-1 (40) Zapata,A (2426)-Gurevich,D (2465) Charlotte 2017}) 18... e5 $1 {[%mdl 512]} 19. dxc5 (19. dxe5 Nxe5) 19... Nxc5 20. Qc2 Qe6 21. Rde1 (21. Qf5 $1 $15) 21... Nd3 $17 ({Much worse is} 21... Qxg4 $6 22. Nxe5 Bxe5 23. Bxe5 $11) 22. Re3 e4 23. Bxf6 (23. Rf1 $1 $15) 23... Qxf6 $19 ({And not} 23... gxf6 24. Rg1 $11) 24. Rf1 Rac8 $36 {[%mdl 2048] Hoping for ...Rxc4! White is under strong pressure.} 25. Nd2 {[#]} Qxb2+ $1 {[%mdl 512]} 26. Qxb2 Nxb2 {[%mdl 64] Discovered Attack} 27. Kxb2 {Threatens to win with Kc3.} Rxd2+ {[%mdl 4096] Endgame KRR-KRR} 28. Kc3 Rxa2 29. Rxe4 b5 $1 30. Kb3 (30. Rfe1 $142 bxc4 31. Rf4) 30... Ra4 31. Re5 Raxc4 32. Rxb5 Rxg4 33. Rb7 (33. f4 $142) 33... a5 34. Ra1 Rg5 {Accuracy: White = 27%, Black = 96%.} 0-1

[Event "World Team-ch Women 2019"]
[Site "Astana"]
[Date "2019.03.05"]
[Round "1.20"]
[White "Buksa, Nataliya"]
[Black "Wu, Rochelle"]
[Result "1/2-1/2"]
[WhiteElo "2416"]
[BlackElo "2120"]
[Annotator "TA"]
[PlyCount "127"]
[EventDate "2019.02.05"]
[EventType "team-tourn"]
[EventCountry "KAZ"]
[SourceTitle "playchess.com"]
[Source "ChessBase"]
[SourceQuality "1"]
[WhiteTeam "Ukraine"]
[BlackTeam "United States"]
[WhiteTeamCountry "UKR"]
[BlackTeamCountry "USA"]

{[%evp 10,127,33,6,19,6,18,13,29,17,15,-47,22,0,0,-39,71,39,32,32,33,39,42,38,63,42,45,0,67,52,75,58,51,51,64,71,87,81,83,92,104,113,81,46,79,79,76,70,83,90,89,78,78,84,97,68,56,16,10,0,75,0,0,0,23,0,73,0,20,23,40,-54,-54,-54,-54,-54,-54,-113,-113,-116,-81,-127,-125,-393,-372,-362,-267,-490,-410,-391,0,0,127,-171,0,0,0,0,0,-40,0,0,0,0,0,0,0,0,0,0,0,-26,0,-32,0,-632,-210,0,0,-574]} 1. e4 c5 2. Nf3 d6 3. d4 cxd4 4. Nxd4 Nf6 5. Nc3 a6 6. Nb3 g6 {B90: Sicilian Najdorf: Unusual White 6th moves, 6 Be3 Ng4 and 6 Be3 e5} 7. Be2 (7. Be3 Bg7 8. Qd2 Ng4 9. Bg5 h6 10. Bh4 g5 11. Bg3 Nc6 12. Be2 Nge5 13. h4 gxh4 14. Bxh4 {0-1 (35) Alekseenko,K (2638)-Nepomniachtchi,I (2763) St Petersburg 2018}) 7... Bg7 8. g4 h6 9. Be3 Nc6 10. f4 ({White should try} 10. f3 $11) 10... Be6 (10... g5 $15) 11. Rg1 $146 ({Predecessor:} 11. Nd5 Rc8 12. Nb6 Nxe4 13. Nxc8 Qxc8 14. Nd4 O-O 15. c3 Bd7 {½-½ (30) Suarez Gomez,J (2417)-Santos Ruiz,M (2341) Linares 2015}) 11... g5 12. Qd2 Qd7 (12... gxf4 $15 {stays ahead.} 13. Bxf4 Rc8) 13. f5 Bxb3 $1 14. axb3 Rc8 15. h3 Ne5 16. Bd4 Qc6 17. Bxe5 dxe5 18. O-O-O Qb6 (18... O-O $11) 19. Kb1 Rc6 20. Rg3 O-O 21. Rd3 Qf2 22. Rf1 Qc5 23. h4 Nh7 24. Nd5 Re8 25. b4 Qa7 26. h5 Nf6 27. Nxf6+ Bxf6 28. Rd5 Qb6 29. c3 Kg7 30. Rd1 Rec8 31. Bd3 Rd6 32. Bc2 {[%cal Rd5d6]} Rcd8 33. c4 Rxd5 34. exd5 Qd4 (34... a5 $11 {keeps the balance.}) 35. Qe2 (35. Qxd4 $1 $16 exd4 36. Re1) 35... Qb6 $11 36. Qe1 Qc7 37. Bb3 Qb6 (37... a5 $11) 38. Bc2 (38. c5 $16 Qb5 39. Qe4) 38... Qc7 39. Qe4 a5 40. bxa5 (40. b5 $14) 40... Qxa5 $15 41. Rd3 Qc5 $1 $36 {[%mdl 2048] White is under pressure.} ({Worse is} 41... Ra8 42. Ra3 $16) 42. Rb3 Ra8 {( -> ...Qg1+)} 43. Bd1 ({White should play} 43. Ra3 $15 Rxa3 44. bxa3) 43... Ra4 $1 $17 44. Rc3 Rb4 45. Bb3 Qg1+ ({But not} 45... Qf2 $6 46. Qe3 $11) 46. Kc2 $2 {[%mdl 8192]} (46. Ka2 $17 {is the only way for White.}) 46... b5 $1 $19 47. d6 {next d7 is good for White.} exd6 48. Qb7 $2 (48. Qd5 Qxg4 {[%mdl 64] Double Attack} 49. Qxd6 Qe4+ 50. Kc1 Rxb3 {[%mdl 64] Remove Defender} 51. Rxb3) 48... Qf2+ 49. Kb1 {[#]} Rxb3 $2 (49... e4 $1 $19 {[%mdl 512]} 50. cxb5 (50. Qxe4 Bxc3) 50... Rxb3 51. Rxb3 e3) 50. Rxb3 $11 bxc4 $19 {[%mdl 4096] Endgame KQR-KQB} (50... Qf1+ $11 51. Ka2 Qxc4 52. Qxb5 Qxg4) 51. Rb5 $2 {[%mdl 8192] [#]} (51. Ra3 $1 $16 {[%cal Ra3a7] is necessary to keep the advantage.} Qg1+ {[%mdl 64] Double Attack} 52. Ka2 Qxg4 {[%mdl 64] Double Attack} 53. Ra8) 51... Qg1+ $2 (51... c3 $1 $19 {[%mdl 512]} 52. bxc3 Qg1+ 53. Kb2 Qxg4 {[%mdl 64] Double Attack}) 52. Ka2 $11 Qxg4 {[%mdl 64] Double Attack} 53. Qc8 $1 {Threatening mate with Rb8.} c3 {White must now prevent ...Qa4+.} 54. Ka3 {Intending Rb8 and mate.} cxb2 {...Qf3+ is the strong threat.} (54... Qg1 $5 {[%cal Rg1a1]} 55. bxc3 Qc1+ 56. Kb4 Qb1+ 57. Ka5 Qa2+ 58. Kb4 Be7 $11) 55. Rb8 $1 {[%csl Gb8][%cal Rc8h8]} Qf3+ 56. Kxb2 {[%csl Gb8][%cal Rc8h8]} e4+ 57. Ka2 {[%csl Gb8][%cal Rc8h8]} Qe2+ 58. Ka3 {[%csl Gb8][%cal Rc8h8]} Qd3+ 59. Ka4 {[%csl Gb8][%cal Rc8h8]} Qd4+ 60. Kb5 {[%csl Gb8][%cal Rc8h8]} Qd5+ (60... Qc5+ $5 61. Qxc5 dxc5 62. Kxc5 Be5 $17) 61. Kb4 {[%csl Gb8][%cal Rc8h8]} Qd2+ (61... Qc5+ $5 62. Qxc5 dxc5+ 63. Kxc5 Be5 $17) 62. Ka3 $2 {[%mdl 8192]} (62. Kb5 $11 Qd5+ 63. Ka4 Qa2+ 64. Kb4 Qb2+ 65. Ka4 Qd4+ 66. Kb3 Qd1+ 67. Ka3 Qd3+ 68. Kb4 Qb1+ 69. Ka4 Qa2+ 70. Kb4 Qb2+ 71. Ka4 Qd4+) 62... Qa5+ $2 (62... Qc3+ $19 63. Qxc3 Bxc3) 63. Kb3 {[%csl Gb8][%cal Rc8h8]} Qd5+ 64. Ka3 $2 {[%mdl 40960] Accuracy: White = 32%, Black = 49%. . An unexpected result.} (64. Kb4 $11 {and White has nothing to worry.} Qc5+ 65. Qxc5 dxc5+ 66. Kxc5) 1/2-1/2